Logos with Stars Quiz Stats

 Plays Quiz Updated May 26, 2016

Support Sporcle.
Go Orange.
Score 0/16 Timer 06:00
2 Plays Today
Hint Answer % Correct
Starbucks
97.5%
National Football League
86.6%
Subaru
84.7%
Texaco
83.2%
New England Patriots
83.1%
Republican Party
82.5%
Dallas Cowboys
76.2%
Heineken
74.8%
Hint Answer % Correct
Paramount Pictures
72.3%
Hardee's
68.3%
Buffalo Wild Wings
67.2%
Rockstar Energy Drink
64.6%
Converse All-Stars
51.2%
Orlando Magic
50%
Newcastle Brown Ale
30%
Columbus Blue Jackets
27.4%

From the Vault

SWAC

by D_I

Sports 5m
If there's one thing we can say about the SWAC conference is that it makes the WAC look like the WCC!
Remove Ads.
Support Sporcle.
Get the best of Sporcle when you Go Orange. This ad-free experience offers more features, more stats, and more fun while also helping to support Sporcle. Thank you for becoming a member.

Show Comments

Extras

Top Quizzes Today


Score Distribution

Your Account Isn't Verified!

In order to create a playlist on Sporcle, you need to verify the email address you used during registration. Go to your Sporcle Settings to finish the process.

Report this User

Report this user for behavior that violates our Community Guidelines.

Details: